000 00459nam a22001817a 4500
005 20200828164423.0
008 200318b xxu||||| |||| 00| 0 eng d
020 _a9788123914428
041 _aeng
082 _a615
100 _aKULKARNI JAYANT,S
_95282
245 _aMCQ'S IN PHARMACOLOGY
_cJAYANT S ,KULKARNI
250 _a1'ST
260 _aNEW DELHI
_bCBS PUBLISHERS AND DISTRIBUTORS
300 _a340 P. ; V
650 _aPHARMCY
_95226
942 _cBK
999 _c6150
_d6148